000 00696nam a22002417a 4500
005 20250411144411.0
008 250407b |||||||| |||| 00| 0 eng d
020 _a978-11032196023 (pbk)
037 _cTB
040 _aCRL
_cCRL
041 _2eng
_aeng
084 _a4:(Y:1) R4
_qCRL
100 _aCashmore, Ellis
_9751896
245 _aCelebrity culture
250 _a3rd
260 _aLondon, UK:
_bRoutledge,
_c2024.
300 _ax, 313p.
365 _b35.99
_cUKP
650 _aJournalism
650 _aCulture
942 _2CC
_cTB
_e3rd
_h4:(Y:1) R4
_n0
999 _c1308504
_d1308504